Износостойкость плазменных покрытий из порошковой смеси, содержащей керамическую фазу; Инновационные технологии в машиностроении

Xehetasun bibliografikoak
Parent link:Инновационные технологии в машиностроении.— 2018.— [С. 92-94]
Egile nagusia: Калиниченко А. С.
Egile korporatiboa: Белорусский национальный технический университет, Зеленогурский университет
Beste egile batzuk: Мешкова В. В., Фельдштейн Е. Э.
Gaia:Заглавие с экрана
Исследовано влияние структурных особенности покрытий, полученных на стали плазменным напылением смеси порошков самофлюсующегося сплава на никельхромовой основе с различным процентным соотношением оксидной керамики на износостойкость полученных покрытий.
The influence of structural features of coatings formed on steel specimens by means of plasma spraying of a mixture of nickel-chromium base powder and different percentage of oxide ceramics one on the coatings wear resistance is investigatedКафедра технологии машиностроения.
Hizkuntza:errusiera
Argitaratua: 2018
Saila:Инновационные технологии получения и обработки материалов в машиностроении
Gaiak:
Sarrera elektronikoa:http://earchive.tpu.ru/handle/11683/50123
Formatua: MixedMaterials Baliabide elektronikoa Liburu kapitulua
KOHA link:https://koha.lib.tpu.ru/cgi-bin/koha/opac-detail.pl?biblionumber=627215

MARC

LEADER 00000naa2a2200000 4500
001 627215
005 20231102024247.0
035 |a (RuTPU)RU\TPU\conf\26939 
035 |a RU\TPU\conf\26937 
090 |a 627215 
100 |a 20180821d2018 k y0rusy50 ca 
101 0 |a rus  |d eng 
102 |a RU 
105 |a y z 101zy 
135 |a drcn ---uucaa 
181 0 |a i  
182 0 |a b 
200 1 |a Износостойкость плазменных покрытий из порошковой смеси, содержащей керамическую фазу  |f А. С. Калиниченко, В. В. Мешкова, Е. Э. Фельдштейн 
203 |a Текст  |c электронный 
225 1 |a Инновационные технологии получения и обработки материалов в машиностроении 
230 |a 1 компьютерный файл (pdf; 185 Kb) 
300 |a Заглавие с экрана 
320 |a [Библиогр.: с. 94 (2 назв.)] 
330 |a Исследовано влияние структурных особенности покрытий, полученных на стали плазменным напылением смеси порошков самофлюсующегося сплава на никельхромовой основе с различным процентным соотношением оксидной керамики на износостойкость полученных покрытий. 
330 |a The influence of structural features of coatings formed on steel specimens by means of plasma spraying of a mixture of nickel-chromium base powder and different percentage of oxide ceramics one on the coatings wear resistance is investigatedКафедра технологии машиностроения. 
463 0 |0 (RuTPU)RU\TPU\conf\26327  |t Инновационные технологии в машиностроении  |o сборник трудов IX Международной научно-практической конференции, 24–26 мая 2018 г., Юрга  |f Национальный исследовательский Томский политехнический университет (ТПУ), Юргинский технологический институт (ЮТИ) ; под ред. Д. А. Чинахова  |v [С. 92-94]  |d 2018 
610 1 |a электронный ресурс 
610 1 |a износостойкость 
610 1 |a плазменные покрытия 
610 1 |a порошковые смеси 
610 1 |a стали 
610 1 |a плазменное напыление 
610 1 |a порошки 
610 1 |a сплавы 
610 1 |a оксидная керамика 
700 1 |a Калиниченко  |b А. С. 
701 1 |a Мешкова  |b В. В. 
701 1 |a Фельдштейн  |b Е. Э. 
712 0 2 |a Белорусский национальный технический университет  |2 stltpush  |3 (RuTPU)RU\TPU\col\6022  |9 24202 
712 0 2 |a Зеленогурский университет 
801 2 |a RU  |b 63413507  |c 20180824  |g RCR 
856 4 |u http://earchive.tpu.ru/handle/11683/50123 
942 |c BK